Statistics for The Simpsons, the Nahasapeemapetilon Family

Click here to take the quiz!

General Stats

  • This quiz has been taken 12 times
  • The average score is 7 of 16

Answer Stats

HintAnswer% Correct
FatherApu
100%
WifeManjula
100%
BrotherSanjay
100%
OctupletGheet
50%
OctupletPoonam
50%
OctupletSandeep
50%
OctupletUma
50%
OctupletAnoop
33%
OctupletNabendu
33%
OctupletPria
33%
OctupletSashi
33%
NephewJamshed
17%
NiecePahusacheta
17%
Ex-girlfriendSelma
17%
BrotherTikku
17%
MistressAnnette
0%

Score Distribution

Percentile by Number Answered

Percent of People with Each Score

Your Score History

You have not taken this quiz